| 000 | 00463cam a2200193ua 4500 | ||
|---|---|---|---|
| 020 | _c2.50 | ||
| 041 |
_aeng _h |
||
| 082 |
_a824 _bRAJ/RE |
||
| 100 | _aRaju, Sundara.R . | ||
| 245 | 0 | 0 |
_aReaders Delight / _cR.Sundara Raju. _hTextual Documents |
| 260 |
_aMadras : _bThe National publishing co. , _c1968. |
||
| 300 | _a192 ; . | ||
| 365 | _a2.50 | ||
| 504 | _a | ||
| 942 | _cBK | ||
| 999 |
_c1030 _d1030 |
||